000 00340nam a2200145 i 4500
001 bg
100 1 _aDETTMAN, J. W.
245 0 _aMatematické metody ve fizyce a technice /
_cJ.W. Dettman.
260 _aPraha,
_c1970.
040 _cBPK
041 _apol
080 _a51:53:62
942 _cKS
008 s pl f |000 0 pol
999 _c9047
_d9047
856 _uhttp://koha.tu.koszalin.pl/cgi-bin/koha/opac-detail.pl?biblionumber=9047
_yKatalog online BPK